000 00412nam a2200169 a 4500
001 0000-9001
003 ELIB.Books
008 110520 1988
035 _a(ELIB.Books)0000-9150
082 _aFic
_bFul
100 _aFulghum, Robert
245 _aTrue Love
260 _bNew York: Harper Collins Publishers
_c1988
650 _aFiction
942 _2ddc
_cBK
998 _cbat
_e2011-05-20
999 _c9001
_d9001